000 00295nam a2200121 a 4500
005 20140414132010.0
008 110309s19uu xx 00 eng d
050 _aVCD
_bM71
245 _aMotorized madness :
_bWe love trucks.
650 _aTransportation
650 _aMachines
999 _c113255
_d113255